000 00371nam a22001577a 4500
003 SGT
020 _a9788181914514
082 _a617.63
_bT16S
100 _aShivhare, Peeyush
245 _aTextbook of Oral Radiology
250 _a1st Ed.
260 _aHyderabad, India
_bParas Medical Publishers
_c2016
300 _a244
650 _aOral Radiology
942 _2ddc
_cBK
999 _c32304
_d32304